Từ điển bách khoa phổ thông toán học

সংরক্ষণ করুন:
গ্রন্থ-পঞ্জীর বিবরন
বিন্যাস: গ্রন্থ
ভাষা:Undetermined
প্রকাশিত: Giáo dục
ট্যাগগুলো: ট্যাগ যুক্ত করুন
কোনো ট্যাগ নেই, প্রথমজন হিসাবে ট্যাগ করুন!
Thư viện lưu trữ: Trung tâm Học liệu Trường Đại học Cần Thơ
LEADER 00333nam a2200109Ia 4500
001 CTU_50013
008 210402s9999 xx 000 0 und d
082 |a 510.7 
082 |b T550/T1 
245 0 |a Từ điển bách khoa phổ thông toán học 
260 |b Giáo dục 
980 |a Trung tâm Học liệu Trường Đại học Cần Thơ